000
00283nam a2200109Ia 4500
008
190125s9999 xx 000 0 und d
082
_a
398.27 RUM
_b
398.27 RUM
100
_a
Moulana Jalaludin Rumi
_9
13366
245
_a
Hakayat E Rumi
260
_b
Book Corner, Jhelum
260
_c
2009
999
_c
523094
_d
523094